[Event "Reykjavik Open 2024"]
[Site "Reykjavik ISL"]
[Date "2024.03.17"]
[Round "4.47"]
[White "Heimisson, Hilmir Freyr"]
[Black "Thorisson, Benedikt"]
[Result "1-0"]
[WhiteTitle "IM"]
[WhiteElo "2355"]
[BlackElo "1992"]
[WhiteFideId "2309998"]
[BlackFideId "2314576"]
[EventDate "2024.03.15"]

1. c4 Nf6 2. Nc3 c5 3. Nf3 Nc6 4. g3 e5 5. Bg2 g6 6. O-O Bg7 7. Ne1 d6 8. Nc2
Be6 9. Ne3 O-O 10. a3 Qd7 11. Rb1 a5 12. Ned5 Bxd5 13. Nxd5 Nxd5 14. Bxd5 Ne7
15. Bg2 Rab8 16. b4 axb4 17. axb4 b5 18. bxc5 dxc5 19. cxb5 Rxb5 20. Qa4 Rb7 21.
Ra1 Qxa4 22. Rxa4 Rc7 23. Ba3 Nf5 24. Rc1 Nd4 25. Kf1 Rd8 26. Rxc5 Rxc5 27. Bxc5
Rc8 28. Ra8 Rxa8 29. Bxa8 Bf6 30. Bd5 h5 31. h4 Kg7 32. e3 Nf5 33. Ke2 Bd8 34.
Bb4 Ne7 35. Bb7 Kf6 36. Kd3 Ke6 37. Kc4 Bb6 38. Bf3 Ba7 39. d3 Bb6 40. Kb5 Bc7
41. Bd1 Kd7 42. Bb3 Ke8 43. Bc4 f6 44. Bb3 g5 45. Bd1 g4 46. Bb3 f5 47. Ka6 f4
48. Kb7 fxg3 49. fxg3 Bd8 50. Be6 Kf8 51. Bd6 e4 52. d4 Ba5 53. d5 Ke8 54. Bc7
Nxd5 55. Bxd5 Bd2 56. Bf4 1-0

[Event "Reykjavik Open 2024"]
[Site "Reykjavik ISL"]
[Date "2024.03.17"]
[Round "4.48"]
[White "Lohia, Sohum"]
[Black "Ostensson, Julia"]
[Result "1-0"]
[WhiteTitle "FM"]
[WhiteElo "2354"]
[BlackElo "1996"]
[WhiteFideId "5819369"]
[BlackFideId "1747703"]
[EventDate "2024.03.15"]

1. e4 c5 2. Nf3 e6 3. d4 cxd4 4. Nxd4 a6 5. c4 Nf6 6. Nc3 Qc7 7. a3 b6 8. f4 Bb7
9. Bd3 Nc6 10. Nxc6 Qxc6 11. Qe2 d6 12. Be3 Be7 13. O-O-O Qc7 14. Kb1 O-O 15. g4
Nd7 16. g5 Rfe8 17. h4 d5 18. cxd5 exd5 19. Nxd5 Bxd5 20. exd5 Bc5 21. Rh3 b5
22. Qc2 g6 23. h5 Rac8 24. hxg6 fxg6 25. Bxg6 1-0

[Event "Reykjavik Open 2024"]
[Site "Reykjavik ISL"]
[Date "2024.03.17"]
[Round "4.49"]
[White "Ptacnikova, Lenka"]
[Black "Moksh, Amit Doshi"]
[Result "1/2-1/2"]
[WhiteTitle "WGM"]
[BlackTitle "IM"]
[WhiteElo "2067"]
[BlackElo "2353"]
[WhiteFideId "305650"]
[BlackFideId "25064967"]
[EventDate "2024.03.15"]

1. d4 Nf6 2. Nc3 d5 3. Bf4 e6 4. e3 Bb4 5. Bd3 c5 6. dxc5 Nbd7 7. Ne2 a6 8. Bg3
O-O 9. a3 Bxc5 10. O-O b5 11. e4 d4 12. e5 dxc3 13. exf6 Nxf6 14. Nxc3 Bb7 15.
Qe2 Qb6 16. Ne4 Be7 17. Bh4 Qc6 18. f3 Nd5 19. Bxe7 Nxe7 20. Qf2 Rac8 21. Rfe1
h6 22. Rad1 Rfd8 23. c3 Ng6 24. Bc2 Nf4 25. Nf6+ Kh8 26. Ng4 Qc7 27. Qe3 Nd5 28.
Qe5 Qxe5 29. Nxe5 Kg8 30. Kf2 Kf8 31. Be4 a5 32. Rd4 f6 33. Ng6+ Kf7 34. Bxd5
Bxd5 35. Nf4 Bb3 36. Nd3 e5 37. Rxd8 Rxd8 38. Ke3 Bc2 39. Nc5 f5 40. b4 a4 41.
Rc1 Bd1 42. Nd3 f4+ 43. Ke4 Bb3 44. Nxe5+ Ke6 45. Nd3 Bc4 46. Rd1 Kf6 47. Nb2
Re8+ 48. Kxf4 g5+ 49. Kg3 Bb3 50. Rd6+ Kg7 51. Kf2 Rc8 52. Rd3 Kf6 53. Ke2 h5
54. Kd2 h4 55. Rd4 Kf5 56. Nd3 Bc4 57. Rd6 Re8 58. g4+ hxg3 59. hxg3 g4 60. f4
Rh8 61. Ne5 Rh2+ 62. Ke3 Bf1 63. Nd7 Re2+ 64. Kd4 Rd2+ 65. Kc5 Rc2 66. Kd4 Rd2+
67. Kc5 Rc2 68. Kd4 Rd2+ 69. Kc5 Rc2 70. Kd4 1/2-1/2

[Event "Reykjavik Open 2024"]
[Site "Reykjavik ISL"]
[Date "2024.03.17"]
[Round "4.50"]
[White "Shivika, Rohilla"]
[Black "Risting, Eivind Olav"]
[Result "1-0"]
[WhiteTitle "WFM"]
[BlackTitle "FM"]
[WhiteElo "2003"]
[BlackElo "2336"]
[WhiteFideId "45015414"]
[BlackFideId "1517333"]
[EventDate "2024.03.15"]

1. Nf3 d5 2. c4 d4 3. b4 Bg4 4. g3 Bxf3 5. exf3 e5 6. a3 a5 7. bxa5 c6 8. Bg2
Bd6 9. O-O Qxa5 10. f4 Ne7 11. fxe5 Bxe5 12. d3 O-O 13. Re1 Nd7 14. Nd2 Qc7 15.
Ne4 Nf6 16. f4 Nxe4 17. Bxe4 Bd6 18. c5 Bxc5 19. Bxh7+ Kxh7 20. Qh5+ Kg8 21.
Qxc5 Rfe8 22. Bb2 Nd5 23. Qxd4 f6 24. Re4 Qa5 25. Qf2 Qb5 26. Rae1 Kf8 27. Qe2
Nc7 28. Qc2 Nd5 29. Qe2 Nc7 30. Qc2 Nd5 31. a4 Qb6+ 32. Bd4 Qc7 33. Bc5+ Kf7 34.
Qe2 Rxe4 35. dxe4 Qa5 36. Rc1 Nc7 37. Qa2+ Kg6 38. f5+ Kh7 39. Qf7 Re8 40. Qc4
Na6 41. Bf2 Qd2 42. Rb1 Qd7 43. g4 Qe7 44. Rb3 g5 45. e5 fxe5 46. f6 Qxf6 47.
Rxb7+ Kh8 48. Qxa6 Qf3 49. Qc4 Rd8 50. Rb1 Rf8 51. Bg3 Qe3+ 52. Kg2 Qf3+ 53. Kh3
Kg7 54. Rb7+ Kf6 55. Rh7 Kg6 56. Rh5 Kf6 57. Qxc6+ 1-0

[Event "Reykjavik Open 2024"]
[Site "Reykjavik ISL"]
[Date "2024.03.17"]
[Round "4.51"]
[White "Kistrup, Nicolai"]
[Black "Baldursson, Rani"]
[Result "1-0"]
[WhiteTitle "FM"]
[WhiteElo "2324"]
[BlackElo "1989"]
[WhiteFideId "1444816"]
[BlackFideId "7200668"]
[EventDate "2024.03.15"]

1. d4 Nf6 2. c4 e6 3. Nf3 c5 4. d5 exd5 5. cxd5 d6 6. e4 g6 7. Nfd2 Bg7 8. Nc3
O-O 9. Be2 a6 10. a4 Re8 11. O-O Nbd7 12. Re1 Rb8 13. Qc2 Qa5 14. Nc4 Qc7 15.
Bf4 Ne5 16. Bxe5 dxe5 17. a5 Rd8 18. d6 Qc6 19. Nxe5 Qxd6 20. Nxf7 Qd2 21. Qb3
Rf8 22. Rad1 Qf4 23. Rd8 Rxd8 24. Nxd8+ Kh8 25. e5 c4 26. Qxc4 Qxc4 27. Bxc4 Ng4
28. Nf7+ Kg8 29. h3 1-0

[Event "Reykjavik Open 2024"]
[Site "Reykjavik ISL"]
[Date "2024.03.17"]
[Round "4.52"]
[White "Papadiamandis, Elliot"]
[Black "Grigoriev, Dmitriy"]
[Result "1/2-1/2"]
[WhiteTitle "IM"]
[WhiteElo "2302"]
[BlackElo "1986"]
[WhiteFideId "36074160"]
[BlackFideId "34181676"]
[EventDate "2024.03.15"]

1. e4 e5 2. Nf3 Nf6 3. Nxe5 d6 4. Nf3 Nxe4 5. Nc3 Nxc3 6. dxc3 Be7 7. Bf4 Nc6 8.
Qd2 Be6 9. O-O-O Qd7 10. Kb1 Bf6 11. h3 O-O-O 12. Be2 Rhe8 13. Rhe1 h6 14. Bf1
Re7 15. Qc1 Kb8 16. Nd2 Rde8 17. Nc4 Bxc4 18. Bxc4 Rxe1 19. Rxe1 Rxe1 20. Qxe1
Nd8 21. Qe4 Qe7 22. Qxe7 Bxe7 23. Be3 Bf6 24. Kc1 a6 25. f4 Kc8 26. Kd2 Kd7 27.
g4 Ne6 28. Ke2 g5 29. fxg5 Bxg5 30. h4 Bxe3 31. Kxe3 Ke7 32. b4 c6 33. a4 Kf6
34. a5 Ke5 35. Bd3 Ng7 36. c4 f5 37. Be2 fxg4 38. Bxg4 Nf5+ 39. Kd3 h5 40. Bxh5
Nxh4 41. Be8 Ke6 42. b5 cxb5 43. cxb5 Kd5 44. Bf7+ Kc5 45. bxa6 bxa6 46. Bc4 Kb4
47. Bxa6 Kxa5 48. Bb7 Ng6 49. Kd4 Ne7 1/2-1/2

[Event "Reykjavik Open 2024"]
[Site "Reykjavik ISL"]
[Date "2024.03.17"]
[Round "4.53"]
[White "Manish Anto, Cristiano F"]
[Black "Muller, Maxime"]
[Result "1-0"]
[WhiteTitle "IM"]
[WhiteElo "2286"]
[BlackElo "1961"]
[WhiteFideId "25095927"]
[BlackFideId "26088533"]
[EventDate "2024.03.15"]

1. c4 e6 2. g3 d5 3. Bg2 Nf6 4. Nf3 dxc4 5. Qa4+ Bd7 6. Qxc4 c5 7. Ne5 Qc8 8.
Qd3 Nc6 9. Nxd7 Nxd7 10. Nc3 Be7 11. O-O O-O 12. b3 Rd8 13. Bb2 Nf6 14. Qc2 Nd4
15. Qd1 Qd7 16. Rc1 Rac8 17. d3 a6 18. Na4 Qb5 19. Qd2 Nd5 20. Rc4 Qe8 21. Nxc5
Nxe2+ 22. Qxe2 Rxc5 23. Rfc1 Rc6 24. Be4 Qd7 25. Rxc6 bxc6 26. Rc4 Rc8 27. Ra4
Qb7 28. Bxd5 cxd5 29. Rg4 d4 30. Rxd4 Bf6 31. Rc4 Rd8 32. Bxf6 gxf6 33. Rg4+ Kf8
34. Qe3 Qb5 35. Rd4 Rc8 36. Rc4 Rd8 37. Qh6+ Ke7 38. Qxh7 Rd7 39. Qe4 Qa5 40.
Ra4 Qb5 41. Rc4 Qa5 42. Rc6 Qxa2 43. Qb4+ Ke8 44. Rc8+ Rd8 45. Qa4+ 1-0

[Event "Reykjavik Open 2024"]
[Site "Reykjavik ISL"]
[Date "2024.03.17"]
[Round "4.54"]
[White "Mohamed, Anees M"]
[Black "Sushanth, Kamabathula"]
[Result "0-1"]
[WhiteTitle "FM"]
[WhiteElo "2271"]
[BlackElo "1918"]
[WhiteFideId "35065815"]
[BlackFideId "25712667"]
[EventDate "2024.03.15"]

1. e4 c5 2. Nf3 d6 3. d4 cxd4 4. Nxd4 Nf6 5. Nc3 a6 6. Be3 e5 7. Nb3 Be7 8. f3
h5 9. Qd2 Be6 10. O-O-O Nbd7 11. Nd5 Nxd5 12. exd5 Bf5 13. Kb1 Rc8 14. Bd3 Bxd3
15. Qxd3 Bg5 16. Bf2 O-O 17. h4 Bh6 18. Rhe1 Qc7 19. c3 f5 20. g3 Qc4 21. Qc2
Qa4 22. f4 g6 23. Be3 Bg7 24. fxe5 dxe5 25. Bg5 Bf6 26. Qd2 Qb5 27. Nc1 e4 28.
Bxf6 Rxf6 29. Nb3 Rd6 30. Qg5 Ne5 31. Nd4 Qd7 32. Ne6 Re8 33. Rd4 Qe7 34. Qh6
Rd7 35. Rf1 Qh7 36. Qf4 Nf3 37. Rdd1 Qe7 38. a3 Qd6 39. c4 Qxf4 40. Nxf4 Kf7 41.
c5 Ne5 42. Ka2 Ng4 43. Rfe1 Nf2 44. Rd4 Kf6 45. Re2 Ng4 46. Rb4 Ne5 47. Rb6+ Kf7
48. Rb3 Rc8 49. Rc2 Kf6 50. Rbc3 g5 51. hxg5+ Kxg5 52. Rh2 Rh7 53. Ne6+ Kf6 54.
Rh1 Nf3 55. Rd1 Rd7 56. b4 h4 57. Nf4 hxg3 58. d6 Rg8 59. Ng2 Rh8 60. Kb3 Rh2
61. Rc2 Nh4 62. Ne3 Rxc2 63. Kxc2 g2 64. Rg1 Rg7 65. Kc3 f4 66. Nd5+ Ke5 67. Ne7
Ke6 0-1

[Event "Reykjavik Open 2024"]
[Site "Reykjavik ISL"]
[Date "2024.03.17"]
[Round "4.55"]
[White "Sanitt, Ethan"]
[Black "Stelmaszyk, Nico"]
[Result "1-0"]
[BlackTitle "FM"]
[WhiteElo "1914"]
[BlackElo "2347"]
[WhiteFideId "427462"]
[BlackFideId "16200462"]
[EventDate "2024.03.15"]

1. c4 e5 2. g3 c6 3. d4 e4 4. Nc3 d5 5. cxd5 cxd5 6. Qb3 Nf6 7. Bg5 Nbd7 8. Nh3
Qa5 9. Nf4 Bb4 10. Bxf6 Nxf6 11. Rc1 O-O 12. a3 Bxc3+ 13. Rxc3 b6 14. e3 g5 15.
Nh5 Nxh5 16. Qd1 Bd7 17. Qxh5 f6 18. h4 Bf5 19. hxg5 Bg6 20. Qg4 fxg5 21. b4 Qa4
22. Qxg5 Rf5 23. Qe7 Re8 24. Qb7 a5 25. Qxb6 Bh5 26. Be2 Bxe2 27. Kxe2 axb4 28.
Rxh7 Rxf2+ 29. Kxf2 Rf8+ 30. Kg2 Qe8 31. Rcc7 1-0

[Event "Reykjavik Open 2024"]
[Site "Reykjavik ISL"]
[Date "2024.03.17"]
[Round "4.56"]
[White "Heidarsson, Mikael Bjarki"]
[Black "Karsten, Jan"]
[Result "0-1"]
[BlackTitle "IM"]
[WhiteElo "1913"]
[BlackElo "2323"]
[WhiteFideId "2317532"]
[BlackFideId "14350653"]
[EventDate "2024.03.15"]

1. d4 Nf6 2. Nc3 d5 3. Bf4 g6 4. e3 Bg7 5. Nb5 Na6 6. h3 O-O 7. Nf3 Ne4 8. c4 c6
9. Nc3 Qa5 10. Qb3 Nac5 11. Qc2 Nxc3 12. Qxc3 Qb6 13. cxd5 Ne4 14. Qa3 cxd5 15.
Bd3 Rd8 16. O-O Nd6 17. Rac1 Be6 18. b3 Bf8 19. Qc5 f6 20. Qxb6 axb6 21. a4 Ne8
22. Nd2 Rac8 23. Nb1 Bd7 24. Nc3 e6 25. Nb5 Kf7 26. g4 Bb4 27. Rfd1 Ke7 28. h4
Bxb5 29. Bxb5 Ba3 30. Ra1 Bd6 31. Bxd6+ Nxd6 32. Bd3 Rc3 33. Rab1 e5 34. dxe5
fxe5 35. Bf1 Nf7 36. Rd3 Rxd3 37. Bxd3 Rc8 38. Bf1 Rc3 39. b4 Ra3 40. Bg2 e4 41.
a5 bxa5 42. bxa5 Nd6 43. Rc1 Rxa5 44. Rc7+ Kf8 45. Rxh7 Nf7 46. h5 g5 47. h6 b5
48. Rg7 Ra6 49. Bf1 Rxh6 50. Rxf7+ Kxf7 51. Bxb5 Rb6 52. Bd7 Rb3 53. Bf5 Kf6 54.
Kg2 Ke5 55. Bd7 Ra3 56. Bc8 d4 57. exd4+ Kxd4 58. Bd7 Ke5 59. f3 Rxf3 0-1

[Event "Reykjavik Open 2024"]
[Site "Reykjavik ISL"]
[Date "2024.03.17"]
[Round "4.57"]
[White "Tripathi, Pratyush"]
[Black "Bjornsson, Sigurbjorn"]
[Result "1/2-1/2"]
[BlackTitle "FM"]
[WhiteElo "1905"]
[BlackElo "2305"]
[WhiteFideId "1763121"]
[BlackFideId "2300974"]
[EventDate "2024.03.15"]

1. d4 Nf6 2. c4 e6 3. Nc3 c5 4. e3 d5 5. Nf3 Nc6 6. a3 Be7 7. dxc5 Bxc5 8. b4
Bb6 9. Be2 O-O 10. O-O d4 11. exd4 Nxd4 12. Nxd4 Bxd4 13. Bb2 a5 14. Qb3 e5 15.
Nb5 Bxb2 16. Qxb2 Qe7 17. c5 Nd5 18. Rad1 Nf4 19. Rfe1 axb4 20. axb4 Qg5 21. Bf1
Be6 22. Nc7 Bc4 23. g3 Bxf1 24. Kxf1 Rac8 25. gxf4 exf4 26. Qe5 Qxe5 27. Rxe5
Rxc7 28. Rf5 f6 29. Rxf4 b6 30. cxb6 Rb7 31. Rc4 Rxb6 32. Rd7 Rfb8 33. Rcc7 g5
34. Rg7+ Kh8 35. Rxh7+ Kg8 36. Rcg7+ Kf8 37. Rf7+ Kg8 38. Rhg7+ Kh8 39. Rg6 Rxb4
40. Rfxf6 R4b5 41. Rh6+ Kg7 42. h4 gxh4 43. Rhg6+ Kh7 44. Rh6+ Kg7 45. Rhg6+ Kh7
46. Rh6+ 1/2-1/2

[Event "Reykjavik Open 2024"]
[Site "Reykjavik ISL"]
[Date "2024.03.17"]
[Round "4.58"]
[White "Eliasson, Kristjan Orn"]
[Black "Xu, Yuanyuan"]
[Result "0-1"]
[BlackTitle "WGM"]
[WhiteElo "1902"]
[BlackElo "2288"]
[WhiteFideId "2301784"]
[BlackFideId "8601089"]
[EventDate "2024.03.15"]

1. e4 c6 2. Nc3 d5 3. d4 dxe4 4. Nxe4 Bf5 5. Ng3 Bg6 6. Nf3 e6 7. Be3 Nf6 8. Be2
Nbd7 9. c3 Bd6 10. Bd3 Qc7 11. Qe2 Nd5 12. O-O N7f6 13. c4 Nxe3 14. Qxe3 Ng4 15.
Qe2 Rd8 16. Rad1 Kf8 17. Ng5 Nf6 18. Bb1 Bxb1 19. Rxb1 Bxg3 20. fxg3 Rxd4 21. b3
Qd6 22. Qf2 b6 23. Rb2 Rd1 24. Kh1 Qd4 25. Qxd4 Rxf1+ 26. Qg1 Rxg1+ 27. Kxg1 Ke7
28. Rd2 c5 29. h3 h6 30. Nf3 Ne4 31. Rd3 Nxg3 32. Ne5 Ne2+ 33. Kf2 Nd4 34. a3
Rc8 35. b4 f6 36. Ng6+ Kf7 37. Nf4 e5 38. bxc5 Rxc5 0-1

[Event "Reykjavik Open 2024"]
[Site "Reykjavik ISL"]
[Date "2024.03.17"]
[Round "4.59"]
[White "Spencer, Aaron"]
[Black "Unzicker, Ferdinand"]
[Result "0-1"]
[BlackTitle "FM"]
[WhiteElo "1899"]
[BlackElo "2284"]
[WhiteFideId "2061368"]
[BlackFideId "4619196"]
[EventDate "2024.03.15"]

1. d4 Nf6 2. c4 e6 3. g3 d5 4. Nf3 Bb4+ 5. Bd2 Be7 6. Bg2 c6 7. Qc2 Nbd7 8. O-O
O-O 9. Bf4 a5 10. Rd1 Nh5 11. Bc1 f5 12. Nc3 Bd6 13. Bg5 Qe8 14. e3 h6 15. Bf4
Be7 16. cxd5 exd5 17. Be5 Nhf6 18. Qxf5 Nxe5 19. Qxe5 Qd8 20. Ng5 hxg5 21. Qxg5
Ng4 22. Qh5 Bf5 23. e4 g6 24. Qh3 Nxf2 25. Qh6 Bg5 0-1

[Event "Reykjavik Open 2024"]
[Site "Reykjavik ISL"]
[Date "2024.03.17"]
[Round "4.60"]
[White "Mendes Aaron Reeve"]
[Black "Pisan, Kai"]
[Result "1-0"]
[WhiteTitle "FM"]
[WhiteElo "2309"]
[BlackElo "1897"]
[WhiteFideId "25954938"]
[BlackFideId "39904881"]
[EventDate "2024.03.15"]

1. e4 c6 2. Nf3 d5 3. Nc3 Bg4 4. h3 Bxf3 5. Qxf3 e6 6. Be2 Bc5 7. O-O Ne7 8. Rd1
d4 9. Nb1 O-O 10. d3 Nd7 11. Nd2 Ng6 12. g3 f5 13. exf5 exf5 14. Qg2 Bd6 15. h4
Nde5 16. h5 Ne7 17. Nb3 Qb6 18. Bf4 Nd5 19. Bxe5 Bxe5 20. Bf3 Rad8 21. Re1 Rfe8
22. Bxd5+ cxd5 23. Re2 Qd6 24. Rae1 Kf8 25. Qh3 Qf6 26. Nc5 b6 27. f4 bxc5 28.
Rxe5 Rxe5 29. Rxe5 g6 30. hxg6 hxg6 31. Qh7 a5 32. Qc7 Qd6 33. Qxa5 c4 34. Re6
Qxe6 35. Qxd8+ Kf7 36. Qc7+ Kf6 37. Qe5+ Qxe5 38. fxe5+ Kxe5 39. g4 Kf4 40. gxf5
Kxf5 41. a4 Kf4 42. Kf2 g5 43. a5 g4 44. a6 g3+ 45. Kg2 Ke3 46. a7 Kd2 47. a8=Q
Kxc2 48. Qxd5 Kxd3 49. Kxg3 1-0

[Event "Reykjavik Open 2024"]
[Site "Reykjavik ISL"]
[Date "2024.03.17"]
[Round "4.61"]
[White "Stanford, Maxim Barth"]
[Black "Banerjee, Aryan"]
[Result "1-0"]
[WhiteTitle "IM"]
[WhiteElo "2275"]
[BlackElo "1896"]
[WhiteFideId "408280"]
[BlackFideId "1765035"]
[EventDate "2024.03.15"]

1. e4 e5 2. Nf3 Nf6 3. Nc3 Nc6 4. Bb5 a6 5. Bxc6 dxc6 6. h3 Bd6 7. d3 Qe7 8. Be3
Bd7 9. a3 h6 10. Qe2 Bc5 11. Bxc5 Qxc5 12. Qe3 Qe7 13. Ne2 Nh5 14. g4 Nf6 15.
Ng3 g6 16. Qd2 O-O-O 17. Qc3 Rde8 18. b4 g5 19. Nf5 Bxf5 20. gxf5 Nh5 21. a4 Nf4
22. b5 c5 23. bxa6 b6 24. Kd2 h5 25. a7 Kb7 26. a8=Q+ Kxa8 27. Qc4 Kb7 28. a5
Ra8 29. h4 gxh4 30. Rxh4 Ra6 31. Qc3 f6 32. Rb1 Rha8 33. axb6 cxb6 34. Qb3 Qc7
35. Rxf4 exf4 36. Qd5+ Ka7 37. Rh1 Rd8 38. Qc4 Rh8 39. Nd4 Kb7 40. Qd5+ Kc8 41.
Ne6 Qd7 42. Qc4 Ra8 43. Qc3 Rh6 44. Rg1 Qd6 45. Qb3 Kb8 46. Rg8+ Kb7 47. Rg7+
Kb8 48. Nd4 Kc8 49. Qg8+ Qd8 50. Qe6+ 1-0

[Event "Reykjavik Open 2024"]
[Site "Reykjavik ISL"]
[Date "2024.03.17"]
[Round "4.62"]
[White "Airlie, Arran"]
[Black "Dimitrijeski, Boris"]
[Result "0-1"]
[BlackTitle "FM"]
[WhiteElo "1894"]
[BlackElo "2183"]
[WhiteFideId "442011"]
[BlackFideId "4638689"]
[EventDate "2024.03.15"]

1. e4 e5 2. Nf3 Nc6 3. Bb5 a6 4. Ba4 Nf6 5. d3 d6 6. O-O b5 7. Bb3 Na5 8. c3
Nxb3 9. Qxb3 Be7 10. Nbd2 c5 11. Re1 O-O 12. Nf1 h6 13. Ng3 Re8 14. Nh4 Be6 15.
Qd1 Nxe4 16. Nxe4 Bxh4 17. Qh5 f5 18. Nxd6 Bxf2+ 19. Kxf2 Qxd6 20. Kg1 Bd7 21.
Be3 Rac8 22. Re2 Qf6 23. Rae1 Be6 24. Qf3 c4 25. d4 e4 26. Qf4 g5 27. Qd6 f4 28.
d5 Rcd8 29. Qxa6 Rxd5 30. Bd4 Rxd4 31. cxd4 Qxd4+ 32. Kh1 e3 33. Qc6 Kf7 34. Qf3
Kg6 35. Qc6 Kf7 36. Qf3 Kg7 37. Rc2 Bf5 38. Qb7+ Kf8 39. Rcc1 Re5 40. Red1 Bd3
41. Qb8+ Kg7 42. b3 Qe4 43. bxc4 bxc4 44. Qc8 f3 45. Rxd3 cxd3 46. Rb1 d2 47.
Rb7+ Re7 48. Qc3+ Kh7 49. Rxe7+ Qxe7 50. Qd3+ Kg7 51. Qd4+ Kg6 52. g4 e2 53.
Qd3+ Kg7 54. Qd4+ Kf8 55. Qh8+ Kf7 56. Qh7+ Ke8 57. Qg8+ Kd7 58. Qd5+ Qd6 59.
Qf7+ Kc6 60. Qc4+ Qc5 61. Qe6+ Kb5 62. Qe8+ Kb4 63. Qb8+ Qb5 64. Qf8+ Qc5 65.
Qb8+ Kc3 66. Qb3+ Kd4 67. Qb2+ Ke3 68. Qb3+ Kf2 69. Qd1 0-1

[Event "Reykjavik Open 2024"]
[Site "Reykjavik ISL"]
[Date "2024.03.17"]
[Round "4.63"]
[White "Povah, Nigel E"]
[Black "Kjartansson, Matthias Bjorgvin"]
[Result "0-1"]
[WhiteTitle "IM"]
[WhiteElo "2202"]
[BlackElo "1893"]
[WhiteFideId "400467"]
[BlackFideId "2319225"]
[EventDate "2024.03.15"]

1. d4 Nf6 2. Bf4 d5 3. e3 Bf5 4. c4 e6 5. Qb3 b6 6. Nc3 Bd6 7. Bg3 O-O 8. Rc1 c6
9. Nf3 Bxg3 10. hxg3 Nbd7 11. Be2 h6 12. O-O Rc8 13. cxd5 exd5 14. Qa3 a5 15.
Qd6 b5 16. Qe5 Bh7 17. g4 b4 18. Na4 Ne4 19. Ba6 Rc7 20. Rfd1 f5 21. gxf5 Bxf5
22. Qh2 Bg4 23. Be2 Ndf6 24. Nc5 Bc8 25. Nxe4 Nxe4 26. Rf1 Bg4 27. Rc2 Bf5 28.
Bd3 Qe7 29. Ne5 c5 30. Bxe4 Bxe4 31. Rxc5 Rxc5 32. dxc5 Re8 33. Nc6 Qxc5 34. Nd4
a4 35. Qh5 Re7 36. Qd1 a3 37. bxa3 bxa3 38. Qb3 Kh7 39. Rd1 Rd7 40. f3 Bg6 41.
Kf2 Rd6 42. Qb5 Qc3 43. Ke2 Qb2+ 44. Rd2 Qc3 45. Qb3 Qc5 46. Nb5 Rb6 47. Rxd5
Qc6 48. Kd2 Qf6 49. Qxa3 Qh4 50. Qc5 Qf2+ 51. Kc1 Rxb5 0-1

[Event "Reykjavik Open 2024"]
[Site "Reykjavik ISL"]
[Date "2024.03.17"]
[Round "4.64"]
[White "Brand, Niels"]
[Black "Loncke, Matthieu"]
[Result "0-1"]
[WhiteElo "1891"]
[BlackElo "2175"]
[WhiteFideId "1085107"]
[BlackFideId "45197148"]
[EventDate "2024.03.15"]

1. d4 Nf6 2. Bg5 d5 3. Bxf6 exf6 4. Nd2 f5 5. e3 Bd6 6. Bd3 c6 7. c3 Be6 8. Ne2
Nd7 9. Qc2 g6 10. Nf4 Nf6 11. Nxe6 fxe6 12. c4 Qe7 13. cxd5 exd5 14. O-O O-O 15.
h3 Rae8 16. Rae1 Ne4 17. a3 Kh8 18. Bxe4 fxe4 19. f3 Qg5 20. f4 Qh4 21. Nb3 g5
22. Nc5 Bxc5 23. Qxc5 gxf4 24. exf4 Rxf4 25. Rxf4 Qxf4 26. Rf1 Qe3+ 27. Kh1 Qh6
28. Qxa7 e3 29. Qxb7 e2 30. Re1 Qf6 31. Qb4 Qf1+ 32. Kh2 Rg8 33. g4 Qf2+ 34. Kh1
Rf8 35. Rxe2 Qf1+ 36. Kh2 Qxe2+ 37. Kg3 Qf2# 0-1

[Event "Reykjavik Open 2024"]
[Site "Reykjavik ISL"]
[Date "2024.03.17"]
[Round "4.65"]
[White "MacKinnon, Keith"]
[Black "Bjarnason, Snorri Vikanes"]
[Result "1-0"]
[WhiteElo "2142"]
[BlackElo "1875"]
[WhiteFideId "2601990"]
[BlackFideId "1539833"]
[EventDate "2024.03.15"]

1. e4 e5 2. Nf3 Nc6 3. Bc4 Nf6 4. d3 Bc5 5. c3 O-O 6. O-O d6 7. Re1 a5 8. h3 h6
9. Nbd2 Ne7 10. d4 exd4 11. cxd4 Bb6 12. Bd3 Nc6 13. d5 Ne7 14. Nc4 Bc5 15. Be3
Bxe3 16. Rxe3 Ng6 17. Rc1 Nd7 18. Bb1 b6 19. Nd4 Nc5 20. Nf5 Re8 21. Qd4 Bxf5
22. exf5 Rxe3 23. fxe3 Nf8 24. Nd2 Nfd7 25. Nf3 Qe7 26. Rc3 Re8 27. Bc2 Ne5 28.
a3 Nxf3+ 29. gxf3 a4 30. Bxa4 Qg5+ 31. Kf2 Nxa4 32. Qxa4 Re5 33. Qg4 Qf6 34. e4
Re7 35. Qf4 Qd4+ 36. Qe3 Qe5 37. Kg2 h5 38. h4 g6 39. fxg6 fxg6 40. Qg5 Qg7 41.
Kf1 Qf7 42. Ke2 Kg7 43. Ke3 Qe8 44. a4 Kf7 45. b3 Kg7 46. Rc2 Qf7 47. f4 Kh7 48.
Kd4 Qg7+ 49. Kd3 Qf7 50. Rc4 Kh8 51. b4 Re8 52. f5 c5 53. bxc5 gxf5 54. Qxf5
dxc5 1-0

[Event "Reykjavik Open 2024"]
[Site "Reykjavik ISL"]
[Date "2024.03.17"]
[Round "4.66"]
[White "Birkisson, Bjorn Holm"]
[Black "Wolff, Michael"]
[Result "1-0"]
[WhiteElo "2140"]
[BlackElo "1874"]
[WhiteFideId "2310600"]
[BlackFideId "24607657"]
[EventDate "2024.03.15"]

1. e4 c5 2. Nf3 Nc6 3. d4 cxd4 4. Nxd4 Nf6 5. Nc3 e5 6. Ndb5 d6 7. Bg5 a6 8. Na3
b5 9. Nab1 Be7 10. Bxf6 Bxf6 11. a4 b4 12. Nd5 O-O 13. Bc4 Bg5 14. O-O Be6 15.
Qd3 a5 16. c3 bxc3 17. bxc3 Rb8 18. Na3 Ne7 19. Rab1 Nxd5 20. Bxd5 Bxd5 21. Qxd5
Qc7 22. Nb5 Qc5 23. Nxd6 Qxd5 24. exd5 Rbd8 25. Ne4 Bh6 26. Rfd1 f5 27. Nc5 Rf7
28. d6 Ra7 29. d7 Kf7 30. Nb7 Rxb7 31. Rxb7 Bg5 32. c4 Be7 33. Kf1 Bc5 34. Rc7
Bb6 35. Rc6 Bd4 36. Rc7 Ke7 37. Rb1 Rxd7 38. Rxd7+ Kxd7 39. Rb5 Bc3 40. Ke2 Kc6
41. Kd3 Bd4 42. Rxa5 Bxf2 43. Rxe5 g6 44. Re7 1-0

[Event "Reykjavik Open 2024"]
[Site "Reykjavik ISL"]
[Date "2024.03.17"]
[Round "4.67"]
[White "Maack, Kjartan"]
[Black "Tinkler, Paul"]
[Result "1/2-1/2"]
[WhiteElo "2102"]
[BlackElo "1872"]
[WhiteFideId "2301806"]
[BlackFideId "30961289"]
[EventDate "2024.03.15"]

1. d4 f5 2. Nc3 g6 3. e4 fxe4 4. Nxe4 Bg7 5. h4 Nf6 6. Ng3 d5 7. h5 Bg4 8. Be2
Qd7 9. hxg6 hxg6 10. Qd3 Kf7 11. Rxh8 Bxh8 12. Bf4 Bxe2 13. N3xe2 Nc6 14. O-O-O
Rg8 15. Nh3 Nd8 16. Ng5+ Ke8 17. Rh1 Nh5 18. Rxh5 gxh5 19. Qh7 Kf8 20. Qxh5 e6
21. Nh7+ Ke7 22. Be5 Nf7 23. Qh4+ Ke8 24. Bxh8 Rxh8 25. Nf6+ Kd8 26. Qxh8+ Nxh8
27. Nxd7 Kxd7 28. Kd2 Nf7 29. Ke3 Ke7 30. b3 Kf6 31. Kf4 e5+ 32. dxe5+ Nxe5 33.
f3 c5 34. Nc3 Ng6+ 35. Kg4 Ne5+ 36. Kf4 Ng6+ 37. Kg4 Ne5+ 38. Kg3 Ke6 39. Kf2 d4
40. Ne4 Kd5 41. Ke2 b5 42. Nf6+ Ke6 43. Nh5 c4 44. bxc4 bxc4 45. Nf4+ Kf5 46.
Nd5 Nc6 47. a3 Ke5 48. Nb4 Nb8 49. c3 d3+ 50. Ke3 a5 51. Nxd3+ cxd3 52. Kxd3 Kd5
53. g4 Nd7 54. f4 Nc5+ 55. Ke3 Na4 56. c4+ Kxc4 57. Ke4 Nc5+ 58. Ke5 Nd3+ 59.
Kf5 Kd5 60. g5 Kd6 61. g6 Ke7 62. Kg5 Nxf4 63. Kxf4 Kf6 64. Ke4 Kxg6 65. Kd5 Kf6
66. Kc5 Ke6 67. Kb5 a4 68. Kxa4 Kd6 69. Kb5 Kc7 70. a4 Kb8 71. a5 Ka7 72. a6 Ka8
73. Kb6 Kb8 74. a7+ Ka8 75. Ka6 1/2-1/2